| 000 | 00428nam a2200169Ia 4500 | ||
|---|---|---|---|
| 003 | OSt | ||
| 005 | 20140325143835.0 | ||
| 008 | 140130s9999 xx 000 0 und d | ||
| 020 | _a043933635X | ||
| 050 |
_aREF 997 _bOc15 2001 |
||
| 245 | _aAt the ocean with foldout flaps / | ||
| 260 |
_bScholastic, _c2001. _aItaly : |
||
| 300 |
_a1 v. (unpaged) : _bcol. ill. ; _c22 cm. |
||
| 440 | _v1 | ||
| 942 |
_cBK _2lcc |
||
| 999 |
_c41889 _d41889 |
||